New directions in Japanese architecture/ (Record no. 170868)

MARC details
000 -LEADER
fixed length control field 00718nam a2200217 4500
003 - CONTROL NUMBER IDENTIFIER
control field OSt
005 - DATE AND TIME OF LATEST TRANSACTION
control field 20240722123602.0
008 - FIXED-LENGTH DATA ELEMENTS--GENERAL INFORMATION
fixed length control field 240718b |||||||| |||| 00| 0 eng d
040 ## - CATALOGING SOURCE
Original cataloging agency NUST
Language of cataloging eng
Transcribing agency NUST
Modifying agency NUST
Description conventions rda
050 ## - LIBRARY OF CONGRESS CALL NUMBER
Classification number NA1555 BOY
100 ## - MAIN ENTRY--PERSONAL NAME
Personal name Robin Boyd
Dates associated with a name 1968
Relator term Author
Fuller form of name Robin Boyd
245 ## - TITLE STATEMENT
Title New directions in Japanese architecture/
Statement of responsibility, etc. Robin Boyd
260 ## - PUBLICATION, DISTRIBUTION, ETC.
Place of publication, distribution, etc. New York:
Name of publisher, distributor, etc. George Brazillier,
Date of publication, distribution, etc. 1968.
300 ## - PHYSICAL DESCRIPTION
Extent 128 pages:
Other physical details illustrations
Dimensions 26 cm
336 ## - CONTENT TYPE
Source rdamedia
Content type term text
Content type code txt
337 ## - MEDIA TYPE
Source rdamedia
Media type term unmediated
Media type code n
338 ## - CARRIER TYPE
Source rdamedia
Carrier type term volume
Carrier type code nc
504 ## - BIBLIOGRAPHY, ETC. NOTE
Bibliography, etc. note Includes bibliographical references and Index.
650 ## - SUBJECT ADDED ENTRY--TOPICAL TERM
Form subdivision Japanese Architecture
942 ## - ADDED ENTRY ELEMENTS (KOHA)
Source of classification or shelving scheme Library of Congress Classification
Suppress in OPAC No
Koha item type Ordinary Loan Books
Classification part NA1555
Call number prefix NA
Call number suffix BOY
Holdings
Withdrawn status Lost status Source of classification or shelving scheme Damaged status Not for loan Collection Home library Current library Shelving location Date acquired Source of acquisition Cost, normal purchase price Total Checkouts Full call number Barcode Date last seen Accession number Cost, replacement price Price effective from Koha item type Public note
    LCC     NFIC FOBE FOBE GEN 07/18/2024 National Gallary of Zimbabwe 17.00   NA1555 BOY 92004052541 07/18/2024 59414 17.00 07/18/2024 BOOKS Donation